Вивчення та засвоєння граматики англійської мови з допомогою електронних курсів (Запис № 284878)

МАРК-запис
000 -LEADER
fixed length control field 01773nam a22001577a 4500
041 ## - LANGUAGE CODE
Language code of text/sound track or separate title ukr
080 ## - UNIVERSAL DECIMAL CLASSIFICATION NUMBER
Universal Decimal Classification number 09
090 ## - LOCALLY ASSIGNED LC-TYPE CALL NUMBER (OCLC); LOCAL CALL NUMBER (OCLC)
Local cutter number (OCLC) ; Book number/undivided call number, CALL (RLIN) ДЖО
100 ## - MAIN ENTRY--PERSONAL NAME
Personal name Джон О. І.
245 ## - TITLE STATEMENT
Title Вивчення та засвоєння граматики англійської мови з допомогою електронних курсів
260 ## - PUBLICATION, DISTRIBUTION, ETC. (IMPRINT)
Place of publication, distribution, etc Острог
Name of publisher, distributor, etc КАФ
Date of publication, distribution, etc 2012
300 ## - PHYSICAL DESCRIPTION
Extent 54
520 ## - SUMMARY, ETC.
Summary, etc РОЗДІЛ 1. ТЕОРЕТИЧНІ ЗАСАДИ ВИВЧЕННЯ ТА ЗАСВОЄННЯ ГРАМАТИКИ АНГЛІЙСЬКОЇ МОВИ ВИКОРИСТОВУЮЧИ ЕЛЕКТРОННІ РЕСУРСИ.<br/>1.1. Застосування електронних ресурсів як засіб навчання граматики англійської мови.<br/>1.2. Методи навчання іноземних мов.<br/>РОЗДІЛ 2. АНАЛІЗ ЕЛЕКТРОННИХ РЕСУРСІВ, ЯКІ ВИКОРИСТОВУЮТЬСЯ ДЛЯ ВИВЧЕННЯ ГРАМАТИКИ АНГЛІЙСЬКОЇ МОВИ.<br/>2.1. Характеристика електронних ресурсів у вивченні мови.<br/>2.2. Інтернет у формуванні граматичних навичок.<br/>РОЗДІЛ 3. ПРАКТИЧНЕ ВИКОРИСТАННЯ ЕЛЕКТРОННИХ РЕСУРСІВ ПРИ ВИВЧЕННІ ТА ЗАСВОЄННІ ГРАМАТИКИ АНГЛІЙСЬКОЇ МОВИ.<br/>3.1. Впровадження інтерактивних методів при навчанні граматики англійської мови.<br/>3.2. Зарубіжний досвід використання електронних ресурсів в освіті.
-- електронні ресурси, граматика
650 ## - SUBJECT ADDED ENTRY--TOPICAL TERM
Topical term or geographic name as entry element Research Papers
942 ## - ADDED ENTRY ELEMENTS (KOHA)
Koha item type Книги
Фонди
Withdrawn status Lost status Source of classification or shelving scheme Damaged status Not for loan Home library Current library Date acquired Source of acquisition Cost, normal purchase price Total Checkouts Full call number Barcode Date last seen Price effective from Koha item type
    Universal Decimal Classification     ВІЛ - Відділ іноземн. літератури НБ ВІЛ - Відділ іноземн. літератури НБ 17/09/2012 Акт №4 1.00   09 214900 09/11/2021 17/09/2012 Книги